| 000 | 00642nam a22001817a 4500 | ||
|---|---|---|---|
| 003 | OSt | ||
| 005 | 20250620054048.0 | ||
| 008 | 250620b |||||||| |||| 00| 0 eng d | ||
| 020 | _a 971-8614-52-5 | ||
| 040 |
_aDWCL - Main lib _cOC |
||
| 100 | _aGillesania, Diego Innocencio T. | ||
| 245 |
_aEngineering mathematics volume 2/ _cDiego Innocencio T. Gillesania |
||
| 260 |
_a[no place of publication] _b :GERTC review , _cc2014. |
||
| 300 |
_a viii, 706 pages : _b illustrations ; _c 22cm. |
||
| 504 | _aIncludes index. | ||
| 650 | _aMathematics - Engineering- Examinations, Questions etc. | ||
| 942 |
_2ddc _cBK - FIL _e Third edition _kFil. _n0 |
||
| 999 |
_c3198 _d3198 |
||